000 01667aam a2200313 i 4500
001 768714001
003 CO-MdFUSB
005 20231006091013.0
007 ta
008 230927t20012001flu||||g |||| 00| 0 spa d
020 _a0829734376
040 _aCO-MdFUSB
_bspa
_cCO-MdFUSB
_dCO-MdFUSBC
_erda
041 _aspa
082 _223
_a248
_bSI586
100 _aSilva-Silva, Darío,
_eautor
245 4 _aLas llaves del poder
_c/ Darío Silva Silva
264 1 _aMiami, Florida :
_bVida,
_c[2001]
264 4 _c©2001
300 _a346 páginas
_c; 22 cm.
336 _2rdacontent
_atexto
_btxt
337 _2rdamedia
_asin mediación
_bn
338 _2rdacarrier
_avolumen
_bnc
505 _aLlave 1: El despojo -- Llave 2: La productividad -- Llave 3: La casualidad -- Llave 4: La palabra -- Llave 5: La fe -- Llave 6: La alabanza -- Llave 7: El reposo -- Llave 8: La restitución -- Llave 9: El silencio -- Llave 10: La obediencia -- Llave 11: El acuerdo -- Llave 12: La generación --Llave 13: La oración.
520 _aDarío Silva-Silva ejerció el periodismo político en su país, Colombia, durante cerca de treinta años, en medios escritos, radiales y televisivos y llegó a ser empresario de un noticiero de vasta audiencia. Después de cursar estudios pastorales, obtuvo la Licenciatura Eclesiástica y fundó, junto con su esposa Esther Lucía, la Casa Sobre la Roca, Iglesia Cristiana Integral y otras instituciones educativas y de servicio social. Es ministro del Evangelio con reconocimiento de la Sucesión Apostólica Histórica en rango episcopal.
563 _aRústico
650 0 _919
_aVida cristiana
942 _cBK
945 _asor1564
999 _c69074
_d69074